[Event "Ottawa op"]
[Site "Ottawa"]
[Date "1989.06.11"]
[Round "4"]
[White "Bourgeois, Richard"]
[Black "Morin, Louis"]
[Result "0-1"]
[WhiteElo "1725"]
[BlackElo "1880"]
[PlyCount "72"]
[EventDate "1989.06.10"]
[EventType "swiss"]
[EventRounds "5"]
[EventCountry "CAN"]
[SourceTitle "EXT 2022"]
[Source "ChessBase"]
[SourceDate "2021.10.06"]
[SourceVersion "1"]
[SourceVersionDate "2021.10.06"]
[SourceQuality "1"]

1. e4 e5 2. Bc4 Nf6 3. d3 c6 4. Nf3 d5 5. exd5 cxd5 6. Bb5+ Bd7 7. Bxd7+ Nbxd7 8. 0-0 Bd6 9. Re1 0-0 10. Nbd2 Re8 11. c4 Nc5 12. Qc2 e4 13. dxe4 dxe4 14. Ng5 Nd3 15. Rxe4 Nxe4 16. Ngxe4 Bc7 17. b3 Qd4 18. Rb1 f5 19. Bb2 Nxb2 20. Ng5 Nd3 21. Ndf3 Qxf2+ 22. Qxf2 Nxf2 23. Kxf2 h6 24. Nh3 g5 25. Nhg1 Rad8 26. Ne2 Bb6+ 27. Kf1 g4 28. Nh4 Rd2 29. Re1 Rxa2 30. b4 Be3 31. g3 Bd2 32. Rb1 Bg5 33. Nd4 Rxh2 34. Kg1 Rxh4 35. Nxf5 Rh3 36. Rf1 Rf8 0-1